Sport
Elmentve itt :
| Dokumentumtípus: | Cikk |
|---|---|
| Megjelent: |
1953
|
| Sorozat: | Szegedi Egyetem
1 No. 13 |
| Kulcsszavak: | Sport - egyetemi, Világ Ifjúsági Találkozó |
| Online Access: | http://univ.bibl.u-szeged.hu/11086 |
| LEADER | 00563nab a2200181 i 4500 | ||
|---|---|---|---|
| 001 | univ11086 | ||
| 005 | 20250221134306.0 | ||
| 008 | 170915s1953 hu o 000 hun d | ||
| 022 | |a 0230-791X | ||
| 040 | |a SZTE UnivHistória Repozitórium |b hun | ||
| 041 | |a hun | ||
| 245 | 0 | 0 | |a Sport |h [elektronikus dokumentum] |
| 260 | |c 1953 | ||
| 300 | |a 4 | ||
| 490 | 0 | |a Szegedi Egyetem |v 1 No. 13 | |
| 561 | |a Egyetemi, hallgatói élet | ||
| 695 | |a Sport - egyetemi, Világ Ifjúsági Találkozó | ||
| 856 | 4 | 0 | |u http://univ.bibl.u-szeged.hu/11086/1/sze_1953_013_004.pdf |z Dokumentum-elérés |